| 000 | 00399nam a22001577a 4500 | ||
|---|---|---|---|
| 999 |
_c256746 _d256745 |
||
| 003 | OSt | ||
| 005 | 20180508124020.0 | ||
| 008 | 180508b xxu||||| |||| 00| 0 eng d | ||
| 022 | _2978-0-205-53558-3 | ||
| 040 | _cN/A | ||
| 100 | _aRebecca J.Donatelle | ||
| 245 | _aHealth;The Basics | ||
| 250 | _aFourth Canadian Edition | ||
| 260 |
_aCANADA _bPEARSON BENJAMIN CUMMINGS _c2008 |
||
| 942 |
_2lcc _cBK |
||